Online Catalogue and eLibrary

Real and imagined women : (Record no. 63)

MARC details
000 -LEADER
fixed length control field 00805cam a2200265 a 4500
001 - CONTROL NUMBER
control field 4413682
005 - DATE AND TIME OF LATEST TRANSACTION
control field 20231123021706.0
008 - FIXED-LENGTH DATA ELEMENTS--GENERAL INFORMATION
fixed length control field 930205s1993 enka b 001 0 eng
020 ## - INTERNATIONAL STANDARD BOOK NUMBER
ISBN 0415085039 (hbk.)
020 ## - INTERNATIONAL STANDARD BOOK NUMBER
ISBN 0415085047 (pbk.)
040 ## - CATALOGING SOURCE (பட்டியலாக்க மூலம்)
Original cataloging agency DLC
Transcribing agency DLC
Modifying agency DLC
-- OCoLC
-- DLC
082 00 - DDC Classification
Class No. 305.42/0954
DDC Edition Number 20
Item Number - Author Mark RAJ.
100 2# - MAIN ENTRY--PERSONAL NAME
Personal name Sunder Rajan, Rajeswari.
245 10 - TITLE STATEMENT
Title Real and imagined women :
Remainder of title gender, culture, and postcolonialism /
Statement of responsibility, etc. Rajeswari Sunder Rajan.
260 ## - PUBLICATION, DISTRIBUTION, ETC.
Place of publication, distribution, etc. London ;
-- New York :
Name of publisher, distributor, etc. Routledge,
Date of publication, distribution, etc. 1993.
300 ## - PHYSICAL DESCRIPTION
Extent (e.g. Volumes, Pages etc.) x, 153 p. :
500 ## - GENERAL NOTE
General note Cover title: Real & imagined women.
650 #0 - SUBJECT ADDED ENTRY--TOPICAL TERM
Topical term or geographic name entry element Sex role
650 #0 - SUBJECT ADDED ENTRY--TOPICAL TERM
Topical term or geographic name entry element Feminism
650 #0 - SUBJECT ADDED ENTRY--TOPICAL TERM
Topical term or geographic name entry element Sati.
650 #0 - SUBJECT ADDED ENTRY--TOPICAL TERM
Topical term or geographic name entry element Women
650 #0 - SUBJECT ADDED ENTRY--TOPICAL TERM
Topical term or geographic name entry element Postcolonialism
856 42 - ELECTRONIC LOCATION AND ACCESS
Uniform Resource Identifier <a href="http://www.loc.gov/catdir/enhancements/fy0648/93006923-d.html">http://www.loc.gov/catdir/enhancements/fy0648/93006923-d.html</a>
942 ## - Koha item type (Biblio)
Koha item type Books in Stacks (Lending)
Holdings
Lost status Damaged status Collection code Home library Current library Date acquired Full call number Accession Number Item type
    Lending WERC Library WERC Library 11/23/2023 305.42/0954 RAJ. 3435 Books in Stacks (Lending)

© WERC Library